| 000 | 00826nam a2200229Ia 4500 | ||
|---|---|---|---|
| 003 | GCL | ||
| 008 | 140319s9999 xx 000 0 ara d | ||
| 040 |
_aGCL / _cGCL |
||
| 082 | 0 | 4 |
_a709.1 _bص ع |
| 100 | 1 | _aصالح لمعى مصطفى | |
| 245 | 1 | 0 |
_aالعمارة الاسلامية فى العصر المعينى فى لبنان جامع سلطان البر الامير فخر الدين عثمان بن معن فى دير القمر / _cصالح لمعى مصطفى |
| 300 | _a143 ص | ||
| 490 | _a | ||
| 650 | 0 | 4 | _aلبنان |
| 650 | 0 | 4 | _aالعمارة الاسلامية |
| 650 | 0 | 4 | _aالاثار الاسلامية |
| 650 | 0 | 4 | _aالاديرة |
| 650 | 0 | 4 | _aالعمارة الاسلامية فى لبنان |
| 650 | 0 | 4 | _aالدولة المعنية |
| 650 | 0 | 4 | _aدير القمر |
| 942 |
_2ddc _cBK |
||
| 999 |
_c37568 _d37568 |
||